01956 a2200337 45000010006000000050017000060080041000230030015000640400040000790800110001192450090002290200022003192640033003413000019003745050779003930410008011721000021011807000027012017000025012287000026012537000026012797000021013057000026013267000024013527000031013767000021014077000024014287000046014527000025014988560095015234108920260407155704.0260407a2008 arg spa dAR-UNSa-BCEJYS aAR-UNSa-BCEJYSbspacAR-UNSa-BCEJYS a343.156xRecursos contra sentencias judiciales no firmes. Apelaciones. Objeciones. Recurso de casación.10aLa casación civil, penal y laboral en la nación y en la provincia de Buenos Aires a978-950-894-699-7 1aBuenos Aires :bAD-HOCc2008 a304 p.c20 cm. a1. El recurso de casación en el proceso civil oral - 2. Diferencias entre la casación, el recurso extraordinario federal y el recurso de inaplicabilidad de la Ley en el orden nacional - 3. La dobre instancia y el recurso de casación - 4. El derecho al recurso y la casación penal - 5. Tendencias desformalizadoras en la admisibilidad y procedencia de los recursos extraordinarios en la casación bonaerense - 6. La nueva casación civil española - 7. El recurso extraordinario federal y su incidencia en el recurso de casación penal - 8. Algunas anotaciones al nuevo régimen del recurso de casación en los juicios laborales en Venezuela - 9. Recursos extraordinarios. El requisito del depósito previo en el proceso laboral de la provincia de Buenos Aires aspa1 aMasciotra, Mario1 aMorello, Augusto Mario1 aFalcón, Enrique M.1 aGozaíni, Osvaldo A.1 aLedesma, Angela Ester1 aCostantino, Juan1 aMéndez, Héctor O.1 aÍsola, Alfredo E.1 aBaumeister Toledo, Alberto1 aValcarce, Arodin1 aCarelli, Enrique A.1 aLópez Alduncin, María de las Mercedes1 aGómez, Santiago R.41uhttps://biblioeco.unsa.edu.ar/pmb/images/libros/L126356.jpgyImagen de portadaqimage/jpeg